MARC

LEADER 00000nam0a2200000 4500
001 7702
005 20231030181310.0
010 |a 5732005730 
035 |a (RuTPU)RU\TPU\book\7747 
035 |a BOOK00007806 
090 |a 7702 
100 |a 20011209d2000 k y0rusy50 ca 
101 0 |a rus 
102 |a RU 
105 |a y z 000zy 
200 1 |a Индикативное планирование: теория и пути совершенствования  |e Монография  |f А. Н. Петров [и др.]  |g Санкт-Петербургский государственный университет экономики и финансов 
210 |a СПб.  |c Изд-во СПбГУЭФ  |d 2000 
215 |a 96 с. 
610 1 |a экономика 
610 1 |a управление 
610 1 |a планирование 
610 1 |a индикативное планирование 
610 1 |a индикативное планирование 
610 1 |a теория 
610 1 |a методология 
610 1 |a Россия 
610 1 |a монографии 
686 |a У9(2)230.4  |v LBC/SL-A  |2 rubbk 
701 1 |a Петров  |b А. Н. 
701 1 |a Демидова  |b Л. Г. 
701 1 |a Климов  |b С. М. 
701 1 |a Щербаковский  |b Г. З. 
701 1 |a Ананов  |b Н. Г. 
712 0 2 |a Санкт-Петербургский государственный университет экономики и финансов (СПбГУЭФ)  |c (1991- )  |2 stltpush  |3 (RuTPU)RU\TPU\col\151 
801 0 |a RU  |b 63413507  |c 20011209  |g PSBO 
801 2 |a RU  |b 63413507  |c 20200623  |g PSBO 
942 |c BK